Movimientos revolucionarios de América Latina /
Uloženo v:
| Korporace: | , |
|---|---|
| Médium: | Text |
| Vydáno: |
Louvain:
Información Documental de América Latina (INDAL)
|
| Tagy: |
Přidat tag
Žádné tagy, Buďte první, kdo vytvoří štítek k tomuto záznamu!
|
MARC
| LEADER | 00000 a a2200000 04500 | ||
|---|---|---|---|
| 001 | 21408 | ||
| 003 | |||
| 040 | |||
| 090 | |a 094200 | ||
| 110 | |a Información Documental de América Latina | ||
| 245 | |a Movimientos revolucionarios de América Latina / |c Información Documental de América Latina | ||
| 260 | |a Louvain: |b Información Documental de América Latina (INDAL) | ||
| 300 | |a s.p. | ||
| 710 | |a INDAL | ||
| 999 | |c 11832 |d 11832 | ||
